00739nab a22001937a 4500999001500000003000400015005001700019008004100036040000700077100002800084245008900112260007200201300001200273505000700285505008900292650002300381773012800404942001300532 c6093d6093OSt20260122064952.0190502c xxu||||| |||| 00| 0 spa d cPJ aBlei, Berlín Hermann 10aFundamento del deber de garante ante la omisión impropia /cBerlín Hermann Blei. aCiudad Autónoma de Buenos Aires :bThomson Reuters La Ley,c2024. ap. 3-16 a  t¿Te interesa el texto completo? Solicitalo al correo: koha@justierradelfuego.gov.ar 09343aDERECHO PENAL0 0272993180dBuenos Aires : LexisNexis, 2006-tRevista de derecho penal y procesal penal. Nº 10 - Octubre 2024z9875920622 2udccANA